Dětská stomatologie učebnice pro lékařslé fakulty

Bibliographic Details
Main Authors: Komínek, Jaroslav, 1920-1986 (Author), Semján, Michal, 1920- (Author), Rozkovcová, Eva, 1922- (Author)
Format: Book
Language:Czech
PhysicalDescription:326 s. fotografie, ilustrácie 24 cm
Published: Praha Avicenum 1988
Edition:1. vyd.
Series:Učebnice pro lékařské fakulty
Subjects:

MARC

LEADER 00000cam a2200000 a 4500
001 vtls001350358
003 SK-MaSNL
005 20260301114815.0
008 230501s1988 xr oa frp 00100 cze
015 |a SNBA1988 
020 |q (viazané) 
035 |a SNK000303691 
035 |a 5EAD4104-8850-4778-AF9B-16180ADFF8B4 
035 |a urn:nbn:sk:snk-am00ijh7 
040 |a SNK  |b slo  |c SNK  |e AACR2 
041 0 |a cze 
044 |a xr  |c CZ 
072 7 |a 616-053.2  |x Pediatria  |2 konspekt 
072 7 |a 616.31  |x Stomatológia  |2 konspekt 
080 |a 616.31-053.2  |2 2011 
080 |a (075.8)  |2 2011 
100 1 |a Komínek, Jaroslav,  |d 1920-1986  |4 aut  |9 113410 
245 1 0 |a Dětská stomatologie  |b učebnice pro lékařslé fakulty  |c [Jaroslav Komínek, Eva Rozkozcová, Michal Semján] 
250 |a 1. vyd. 
260 |a Praha  |b Avicenum  |c 1988 
300 |a 326 s.  |b fotografie, ilustrácie  |c 24 cm 
366 |e 3000 kusov 
490 1 |a Učebnice pro lékařské fakulty 
504 |a Obsahuje register 
650 0 7 |a detská stomatológia  |2 SNKPH  |9 106215 
650 0 7 |a Pediatric stomatology  |2 SNKPHeng  |9 458828 
655 7 |a učebnice vysokých škôl  |2 SNKPH  |9 70191 
655 7 |a Textbooks (higher)  |2 SNKPHeng  |9 276436 
700 1 |a Semján, Michal,  |d 1920-  |4 aut  |9 458829 
700 1 |a Rozkovcová, Eva,  |d 1922-  |4 aut  |9 90995 
830 0 |a Učebnice pro lékařské fakulty  |9 295340 
852 |a Slovenská národná knižnica 
954 |a odborná, vedecká literatúra cudzojazyčná (svetová)  |2 lita 
958 |a OND 
958 |a UV 
999 |c 719826  |d 721756 
952 |a SNK  |b SNK  |y PREZ  |7 0  |p 17A0937067  |o snkSC 71365  |i snkKIP 4087/88  |0 0  |1 0  |4 0  |d 2012-08-07  |f 1  |l 0  |r 2025-07-22 00:00:00  |w 2026-02-23 
952 |a SNK  |b SNK  |y VYP  |7 0  |p 17A0172982  |o snkSC 71365 D1  |0 0  |1 0  |4 0  |d 1998-12-07  |l 0  |r 2005-01-02 00:00:00  |w 2026-02-23